[Event "Pilsen Region-chT 2223"]
[Site "Czech Republic"]
[Date "2022.11.27"]
[Round "4.1"]
[White "Hrdlica, Pavel"]
[Black "Kriz, Daniel"]
[Result "0-1"]
[WhiteElo "1969"]
[BlackElo "1946"]
[PlyCount "62"]
[EventDate "2022.10.09"]
[EventType "team-tourn"]
[EventRounds "11"]
[EventCountry "CZE"]
[SourceTitle "EXT 2024"]
[Source "ChessBase"]
[SourceDate "2023.10.10"]
[SourceVersion "1"]
[SourceVersionDate "2023.10.10"]
[SourceQuality "1"]
[WhiteTeam "Klatovy II"]
[BlackTeam "HerNyr"]
[WhiteTeamCountry "CZE"]
[BlackTeamCountry "CZE"]

1. d4 d5 2. c4 e6 3. Nf3 Nf6 4. Nc3 Be7 5. Bf4 0-0 6. e3 Nbd7 7. cxd5 Nxd5 8. Nxd5 exd5 9. Qb3 c5 10. Be2 c4 11. Qc3 Nf6 12. Nd2 a5 13. 0-0 b5 14. Bf3 Bg4 15. Bxg4 Nxg4 16. f3 Nf6 17. e4 dxe4 18. fxe4 Bb4 19. Qe3 Bxd2 20. Qxd2 Nxe4 21. Qe3 Qd5 22. Rae1 Nf6 23. Be5 Ng4 24. Qf4 Nxe5 25. Rxe5 Qd7 26. Qh4 Rae8 27. Rh5 h6 28. d5 Qd6 29. Qd4 Re2 30. a4 Qg6 31. g4 Re4 0-1

[Event "CZE-chT2A 2223"]
[Site "Czech Republic"]
[Date "2022.11.20"]
[Round "3.5"]
[White "Rolinek, Dominik"]
[Black "Hrdlica, Pavel"]
[Result "1-0"]
[WhiteElo "2052"]
[BlackElo "1982"]
[PlyCount "69"]
[EventDate "2022.10.16"]
[EventType "team-tourn"]
[EventRounds "11"]
[EventCountry "CZE"]
[SourceTitle "EXT 2024"]
[Source "ChessBase"]
[SourceDate "2023.10.10"]
[SourceVersion "1"]
[SourceVersionDate "2023.10.10"]
[SourceQuality "1"]
[WhiteTeam "Budejovice"]
[BlackTeam "Klatovy"]
[WhiteTeamCountry "CZE"]
[BlackTeamCountry "CZE"]

1. d4 Nf6 2. Bf4 e6 3. Nf3 c5 4. e3 Nc6 5. c3 Nd5 6. Bg3 Qb6 7. Qc2 cxd4 8. exd4 Be7 9. Bd3 h6 10. 0-0 f5 11. a3 d6 12. c4 Nf6 13. d5 Nd4 14. Nxd4 Qxd4 15. dxe6 Ne4 16. Nc3 0-0 17. Nb5 Qb6 18. Bxe4 f4 19. Rae1 fxg3 20. hxg3 Rf6 21. Bd5 h5 22. b4 a5 23. Qe2 axb4 24. axb4 h4 25. gxh4 Rf4 26. Qd3 g6 27. h5 Rf6 28. hxg6 Kg7 29. Qc3 Ra4 30. Re3 Ra2 31. c5 Qxb5 32. Bxa2 dxc5 33. Rh3 Qxb4 34. Rh7+ Kg8 35. Qxf6 1-0

[Event "Pilsen Region-chT 2223"]
[Site "Czech Republic"]
[Date "2022.10.30"]
[Round "2.1"]
[White "Hrdlica, Pavel"]
[Black "Novak, Pavel"]
[Result "0-1"]
[WhiteElo "1969"]
[BlackElo "2391"]
[PlyCount "42"]
[EventDate "2022.10.09"]
[EventType "team-tourn"]
[EventRounds "11"]
[EventCountry "CZE"]
[SourceTitle "EXT 2024"]
[Source "ChessBase"]
[SourceDate "2023.10.10"]
[SourceVersion "1"]
[SourceVersionDate "2023.10.10"]
[SourceQuality "1"]
[WhiteTeam "Klatovy II"]
[BlackTeam "Line IV"]
[WhiteTeamCountry "CZE"]
[BlackTeamCountry "CZE"]

1. d4 g6 2. c4 Bg7 3. Nc3 Nc6 4. Nf3 d6 5. h3 e5 6. d5 Nce7 7. e4 f5 8. Bd3 Nf6 9. Bg5 0-0 10. Qd2 c6 11. Rd1 cxd5 12. Nxd5 Nexd5 13. cxd5 fxe4 14. Bxf6 Qxf6 15. Bxe4 Bf5 16. Qe3 Bxe4 17. Qxe4 Qf4 18. Qxf4 Rxf4 19. Rc1 h6 20. b3 e4 21. Rc4 b5 0-1

[Event "CZE-chT2A 2223"]
[Site "Czech Republic"]
[Date "2022.10.16"]
[Round "1.7"]
[White "Sedlacek, Tomas"]
[Black "Hrdlica, Pavel"]
[Result "1-0"]
[WhiteElo "2028"]
[BlackElo "1982"]
[PlyCount "101"]
[EventDate "2022.10.16"]
[EventType "team-tourn"]
[EventRounds "11"]
[EventCountry "CZE"]
[SourceTitle "EXT 2024"]
[Source "ChessBase"]
[SourceDate "2023.10.10"]
[SourceVersion "1"]
[SourceVersionDate "2023.10.10"]
[SourceQuality "1"]
[WhiteTeam "Praha Dukla"]
[BlackTeam "Klatovy"]
[WhiteTeamCountry "CZE"]
[BlackTeamCountry "CZE"]

1. d4 Nf6 2. Bg5 Ne4 3. h4 Nxg5 4. hxg5 e5 5. g6 fxg6 6. dxe5 d6 7. Nf3 Nc6 8. exd6 Bxd6 9. e3 Bb4+ 10. c3 Qxd1+ 11. Kxd1 Be7 12. Nbd2 Bg4 13. Kc2 a6 14. b4 Bf6 15. Bd3 0-0-0 16. Ne4 Bf5 17. Nc5 Bxd3+ 18. Nxd3 g5 19. Nd4 Nxd4+ 20. exd4 Rde8 21. Rae1 Rxe1 22. Rxe1 h5 23. f3 b6 24. Re4 h4 25. Nf2 Kd7 26. Kd3 c6 27. Rg4 Ra8 28. Ne4 a5 29. a3 axb4 30. axb4 Ke6 31. Nxg5+ Kf5 32. Ne4 Rh8 33. Nd6+ Ke6 34. Nc4 h3 35. gxh3 Rxh3 36. Re4+ Kf5 37. Nd6+ Kg6 38. Rg4+ Kh5 39. Ke4 g6 40. Nc8 Bd8 41. Na7 c5 42. bxc5 bxc5 43. Nc6 cxd4 44. cxd4 Bc7 45. Ne5 Rh1 46. Nxg6 Re1+ 47. Kf5 Bd8 48. Nf4+ Kh6 49. Ne6 Be7 50. Rg6+ Kh5 51. Nf4+ 1-0

[Event "Nepomuk-B"]
[Site "Nepomuk"]
[Date "2022.09.05"]
[Round "3"]
[White "Zednik, Zdenek"]
[Black "Hrdlica, Pavel"]
[Result "0-1"]
[WhiteElo "1854"]
[BlackElo "1969"]
[PlyCount "88"]
[EventDate "2022.09.03"]
[EventType "tourn"]
[EventRounds "7"]
[EventCountry "CZE"]
[SourceTitle "EXT 2023"]
[Source "ChessBase"]
[SourceDate "2022.10.05"]
[SourceVersion "1"]
[SourceVersionDate "2022.10.05"]
[SourceQuality "1"]

1. c4 Nf6 2. Nf3 d5 3. cxd5 Nxd5 4. g3 g6 5. Bg2 Bg7 6. 0-0 0-0 7. Nc3 c6 8. e4 Nxc3 9. bxc3 e5 10. d3 b6 11. Bg5 f6 12. Be3 Qe7 13. Qc2 Ba6 14. Rfd1 Nd7 15. a4 f5 16. exf5 gxf5 17. Bg5 Bf6 18. Bxf6 Rxf6 19. Re1 Re6 20. Bh3 Rf6 21. Nh4 Nc5 22. d4 Nd3 23. Nxf5 Qf8 24. Re3 e4 25. Rxe4 Rxf5 26. Bxf5 Qxf5 27. Re3 Rf8 28. f3 c5 29. c4 Nb4 30. Qxf5 Rxf5 31. Re5 Rxe5 32. dxe5 Bxc4 33. f4 Be6 34. Kf1 Nc2 35. Rb1 h5 36. Kf2 Kf7 37. a5 Nb4 38. axb6 axb6 39. Ra1 Kg6 40. Ra8 c4 41. Ke2 c3 42. Rb8 b5 43. h3 Bc4+ 44. Ke1 Nd3+ 0-1

[Event "Plzen Calliditas op"]
[Site "Plzen"]
[Date "2020.08.29"]
[Round "8"]
[White "Folkova, Martina"]
[Black "Hrdlica, Pavel"]
[Result "1/2-1/2"]
[WhiteElo "2001"]
[BlackElo "1952"]
[PlyCount "120"]
[EventDate "2020.08.23"]
[EventType "swiss"]
[EventRounds "9"]
[EventCountry "CZE"]
[SourceTitle "CBM 198 Extra"]
[Source "ChessBase"]
[SourceDate "2020.11.30"]
[SourceVersion "1"]
[SourceVersionDate "2020.11.30"]
[SourceQuality "1"]

1. e4 e6 2. d4 d5 3. Nd2 Nf6 4. e5 Nfd7 5. Bd3 c5 6. c3 Nc6 7. Ne2 Be7 8. f4 Qb6 9. Nf3 cxd4 10. cxd4 f6 11. exf6 Nxf6 12. 0-0 0-0 13. Kh1 g6 14. a3 Nh5 15. b4 a6 16. Be3 Bd7 17. Qd2 Rac8 18. g4 Ng7 19. Ne5 Nxe5 20. dxe5 Qc7 21. Bd4 Bb5 22. Bxb5 axb5 23. Rac1 Qd7 24. Rc3 Rc4 25. Rh3 g5 26. Qd3 h5 27. gxh5 Nf5 28. fxg5 Qc6 29. h6 Rc2 30. Nc3 Qc4 31. Qxc4 bxc4 32. Bf2 Bxg5 33. h7+ Kh8 34. Kg1 Bh6 35. Bc5 Rf7 36. Rxf5 Rxf5 37. Rxh6 Rxc3 38. Be7 Rcf3 39. Bf6+ Rxf6 40. exf6 c3 41. Rg6 c2 42. Rg8+ Kxh7 43. Rc8 Rxf6 44. Rxc2 Kg6 45. b5 e5 46. a4 d4 47. Rg2+ Kh5 48. Re2 Re6 49. Kf1 Kg4 50. Rf2 d3 51. a5 e4 52. Rf7 Rh6 53. Rxb7 Rxh2 54. a6 Kf3 55. Rf7+ Ke3 56. a7 d2 57. Rd7 Kf3 58. Rf7+ Kg3 59. Rg7+ Kf3 60. Rf7+ Kg3 1/2-1/2

[Event "Plzen Calliditas op"]
[Site "Plzen"]
[Date "2020.08.24"]
[Round "2"]
[White "Hodl, Vojtech"]
[Black "Hrdlica, Pavel"]
[Result "0-1"]
[WhiteElo "1079"]
[BlackElo "1952"]
[PlyCount "76"]
[EventDate "2020.08.23"]
[EventType "swiss"]
[EventRounds "9"]
[EventCountry "CZE"]
[SourceTitle "CBM 198 Extra"]
[Source "ChessBase"]
[SourceDate "2020.11.30"]
[SourceVersion "1"]
[SourceVersionDate "2020.11.30"]
[SourceQuality "1"]

1. e4 e6 2. d4 d5 3. e5 c5 4. c3 Nc6 5. Nf3 Bd7 6. Be2 Qb6 7. b3 cxd4 8. cxd4 Bb4+ 9. Bd2 Nxd4 10. 0-0 Nxf3+ 11. Bxf3 Qd4 12. Bxb4 Qxb4 13. a3 Qb6 14. Nc3 Ne7 15. Rb1 0-0 16. Qd3 Nc6 17. Rfe1 Rac8 18. Na4 Qd4 19. Qe2 b5 20. Nb2 Rc7 21. Rbc1 Rfc8 22. Rc2 Nxe5 23. Rxc7 Nxf3+ 24. Qxf3 Rxc7 25. Nd3 Rc3 26. Re3 e5 27. Qe2 f6 28. Kh1 Rxb3 29. h3 Rxa3 30. Kh2 b4 31. Nb2 Rxe3 32. fxe3 Qb6 33. Qd3 Qb5 34. Qb3 a5 35. e4 a4 36. Qxd5+ Qxd5 37. exd5 a3 38. Nd3 a2 0-1

[Event "CZE-chT2A 1718"]
[Site "Czech Republic"]
[Date "2018.02.11"]
[Round "8.8"]
[White "Turner, Radek"]
[Black "Hrdlica, Pavel"]
[Result "0-1"]
[WhiteElo "2018"]
[BlackElo "1911"]
[PlyCount "48"]
[EventDate "2017.10.15"]
[EventType "team-tourn"]
[EventRounds "11"]
[EventCountry "CZE"]
[SourceTitle "EXT 2022"]
[Source "ChessBase"]
[SourceDate "2021.10.06"]
[SourceVersion "1"]
[SourceVersionDate "2021.10.06"]
[SourceQuality "1"]
[WhiteTeam "Kozolupy"]
[BlackTeam "Klatovy"]
[WhiteTeamCountry "CZE"]
[BlackTeamCountry "CZE"]

1. c4 e6 2. Nf3 Nf6 3. b3 Be7 4. Bb2 c5 5. e3 Nc6 6. Nc3 b6 7. Be2 Bb7 8. 0-0 0-0 9. Rc1 Rc8 10. d4 cxd4 11. Nxd4 Nxd4 12. Qxd4 Bc5 13. Qh4 Ne4 14. Qh3 Qg5 15. Bd3 f5 16. Nxe4 fxe4 17. Bb1 Rf3 18. g3 Rcf8 19. Rcd1 Rxf2 20. Bd4 Bxd4 21. exd4 Qe3 22. Kh1 Qf3+ 23. Kg1 g6 24. d5 e3 0-1

[Event "CZE-chT2A 1718"]
[Site "Czech Republic"]
[Date "2017.11.19"]
[Round "3.8"]
[White "Korsa, Jiri"]
[Black "Hrdlica, Pavel"]
[Result "1-0"]
[WhiteElo "1826"]
[BlackElo "1911"]
[PlyCount "103"]
[EventDate "2017.10.15"]
[EventType "team-tourn"]
[EventRounds "11"]
[EventCountry "CZE"]
[SourceTitle "EXT 2022"]
[Source "ChessBase"]
[SourceDate "2021.10.06"]
[SourceVersion "1"]
[SourceVersionDate "2021.10.06"]
[SourceQuality "1"]
[WhiteTeam "Podborany"]
[BlackTeam "Klatovy"]
[WhiteTeamCountry "CZE"]
[BlackTeamCountry "CZE"]

1. e4 e6 2. Nc3 d5 3. d4 Nf6 4. Bg5 Be7 5. e5 Nfd7 6. Bxe7 Qxe7 7. f4 a6 8. Qg4 g6 9. Nf3 c5 10. 0-0-0 Nc6 11. dxc5 Nxc5 12. Nd4 Bd7 13. Be2 Nxd4 14. Rxd4 Bc6 15. h4 h5 16. Qg5 Qxg5 17. hxg5 Ke7 18. b4 Na4 19. Nxa4 Bxa4 20. Kb2 Rac8 21. c4 dxc4 22. Rc1 Rhd8 23. Rxd8 Rxd8 24. Bxc4 Rd2+ 25. Ka3 Bc6 26. g3 Kd7 27. Kb3 b5 28. Bf1 Bd5+ 29. Kc3 Rxa2 30. Kd4 Rb2 31. Kc5 Kc7 32. Rc3 Rd2 33. Bd3 Bc6 34. Ra3 Rd1 35. Rxa6 Rc1+ 36. Kd4 Kb7 37. Ra3 Kb6 38. Rc3 Rg1 39. Bc2 Rg2 40. Rxc6+ Ka7 41. Rc3 Kb6 42. Be4 Rd2+ 43. Ke3 Rb2 44. Rc6+ Ka7 45. Rc7+ Kb6 46. Rxf7 Rxb4 47. Bxg6 Kc5 48. Bxh5 Rb3+ 49. Ke4 Rb4+ 50. Kf3 Rb3+ 51. Kg4 b4 52. g6 1-0

[Event "CZE-chT2A 1516"]
[Site "Czech Republic"]
[Date "2015.11.22"]
[Round "3.8"]
[White "Hrdlica, Pavel"]
[Black "Pirklova, Hana"]
[Result "0-1"]
[WhiteElo "1958"]
[BlackElo "2123"]
[PlyCount "118"]
[EventDate "2015.10.18"]
[EventType "team-tourn"]
[EventRounds "11"]
[EventCountry "CZE"]
[SourceTitle "EXT 2022"]
[Source "ChessBase"]
[SourceDate "2021.10.06"]
[SourceVersion "1"]
[SourceVersionDate "2021.10.06"]
[SourceQuality "1"]
[WhiteTeam "Klatovy"]
[BlackTeam "Praha Oaza"]
[WhiteTeamCountry "CZE"]
[BlackTeamCountry "CZE"]

1. d4 Nf6 2. c4 g6 3. Nc3 Bg7 4. Nf3 d6 5. g3 0-0 6. Bg2 c6 7. 0-0 Qa5 8. Nd2 e5 9. e3 Na6 10. a3 exd4 11. Nb3 Qc7 12. Nxd4 Nc5 13. e4 Re8 14. Re1 Bd7 15. Bf4 Nh5 16. Be3 Rad8 17. Qc2 Qc8 18. Rad1 Bh3 19. Nde2 Bxg2 20. Kxg2 Nf6 21. f3 b6 22. Rd2 Nb7 23. Red1 d5 24. cxd5 cxd5 25. e5 Rxe5 26. Bd4 Ree8 27. Nf4 Na5 28. Bxf6 Bxf6 29. Ncxd5 Bg5 30. h4 Qxc2 31. Rxc2 Bxf4 32. gxf4 Kg7 33. b4 Nb7 34. Rc7 Nd6 35. Rxa7 Nf5 36. Kf2 Nxh4 37. Rb7 Re6 38. Ne3 Rxd1 39. Nxd1 Nf5 40. Nc3 h5 41. b5 h4 42. Ne4 Nd4 43. a4 Nf5 44. Ng5 Rf6 45. Kg2 Nd4 46. Ne4 Rxf4 47. Rxb6 Nxf3 48. Nf2 Ne1+ 49. Kg1 Rxa4 50. Rb8 g5 51. Re8 Nf3+ 52. Kg2 Nd4 53. Ne4 Nxb5 54. Nxg5 Rg4+ 55. Kh3 Rxg5 56. Kxh4 Rg6 57. Re5 Nd6 58. Re1 f5 59. Kh3 Kf6 0-1